| 000 | 00775nam a22002057a 4500 | ||
|---|---|---|---|
| 999 |
_c1780 _d1780 |
||
| 003 | AR-CdUCM | ||
| 008 | 190227b ||||| |||| 00| 0 spa d | ||
| 040 |
_aMUNICIPALIDAD PROVINCIAL DEL CUSCO _cBIBLIOTECA MUNICIPAL DEL CUSCO |
||
| 082 |
_a288.6 / _bV19 |
||
| 100 |
_aValda Palma, Roberto _96540 |
||
| 245 | _aLos obispos rojos de Latinoamérica / | ||
| 260 |
_aLima : _bLibr. Studium, _c1971. |
||
| 300 |
_a112 páginas ; _c17 cm. |
||
| 505 | _aContenido: Dom Helder Pesoa Camara -- Mons. Alberto Devoto -- Mons. Jorge Manrique Hurtado -- Cardenal Juan Landazuri Ricketts -- Mons. Gerardo Valencia Cano ... | ||
| 650 |
_aReligión y Política _96541 |
||
| 650 |
_aIglesia y Estado _93500 |
||
| 650 |
_aSociología Cristiana _96542 |
||
| 942 |
_2ddc _cLIBROS |
||
| 945 | _aachl | ||